Obálka Náhled e-knihy:
PDF Epub
Pro půjčování e-knih musíte být přihlášeni.
Jak si půjčit online?

Isabela a bílé mraky /

Pro dospívající dívku je stěhování z města na venkov velkou životní změnou. Nové prostředí, ztráta přátel ...

Uloženo v:
Série:Isabela, část 1
Hlavní autor: Peroutková, Ivana, 1960- (Autor)
Další autoři: Mészárosová, Marta (Autor)
Médium: E-kniha
Jazyk:Czech
Vydáno: V Praze : Albatros, 2022
Vydání:1. vydání
Témata:
Příbuzné jednotky:Z cyklu:: Isabela
Tagy:
Žádné tagy
LEADER 02369nam a2200457 i 4500
001 311713
003 CZ PrSKC
005 20260601215710.0
007 ta
008 221103s2022 xr a c 000 j cze
015 |a cnb003467069 
020 |a 9788000069043  |q (vázáno) :  |c Kč 269,00 
035 |a (OCoLC)1357138322 
040 |a ABG001  |b cze  |e rda 
072 7 |a 821.162.3-3  |x Česká próza  |2 Konspekt 
072 7 |a 821-93  |x Literatura pro děti a mládež (beletrie)  |2 Konspekt 
080 |a 821.162.3-32  |2 MRF 
080 |a 821-93  |2 MRF 
080 |a (0:82-32)  |2 MRF 
100 1 |a Peroutková, Ivana,  |d 1960-  |7 jn20000401963  |4 aut 
245 1 0 |a Isabela a bílé mraky /  |c Ivana Peroutková ; ilustrovala Marta Matus 
250 |a 1. vydání 
264 1 |a V Praze :  |b Albatros,  |c 2022 
300 |a 100 stran :  |b barevné ilustrace ;  |c 22 cm 
336 |a text  |b txt  |2 rdacontent 
337 |a bez média  |b n  |2 rdamedia 
338 |a svazek  |b nc  |2 rdacarrier 
520 2 |a Pro dospívající dívku je stěhování z města na venkov velkou životní změnou. Nové prostředí, ztráta přátel ...  |b Isabele je jedenáct, bydlí v Praze a právě končí pátou třídu. V den vysvědčení se doma dozví nečekanou novinku: rodina se přestěhuje na venkov, kde chtějí maminka s tatínkem založit kozí farmu a hospodařit. Isabela je nejdřív nešťastná, ale život na statku si postupně zamiluje - jenže brzy zjistí, že už si nerozumí s kamarádkami z města. Nakladatelská anotace. Kráceno. 
521 8 |a Pro čtenáře od 10 let 
655 7 |a české příběhy  |7 fd133973  |2 czenas 
655 7 |a publikace pro děti  |7 fd133156  |2 czenas 
655 9 |a Czech stories  |2 eczenas 
655 9 |a children's literature  |2 eczenas 
700 1 |a Mészárosová, Marta  |7 xx0252233  |4 ill 
787 0 8 |i Z cyklu:  |t Isabela  |g 1 
900 |a ABA001  |b 20 
928 9 |a Albatros Media - Albatros 
044 |a xr 
910 |a RBIT002 
998 |d 362320  |a https://core.palmknihy.cz/api/books/362320/cover?si68nq  |b https://core.palmknihy.cz/api/books/362320/cover/400?si68nq  |c https://core.palmknihy.cz/api/books/362320/cover/50?si68nq  |e 2032-12-31  |g 104  |i 9788000069043  |j https://core.palmknihy.cz/api/books/362320/preview.epub  |k https://core.palmknihy.cz/api/books/362320/preview.pdf  |l   |q 49  |r 1  |s https://www.palmknihy.cz/kniha/362320  |t ebook  |y 2022  |z 0  |v Isabela  |w 1 
999 |d 311711